[Event "25. Torneo San Viator 2015 - Torneo B"]
[Site "Madrid ESP"]
[Date "2015.10.12"]
[Round "3.17"]
[White "Fogue Angelina, Hugo"]
[Black "Blasco Gallardo, Francisco"]
[Result "1-0"]
[WhiteElo "1273"]
[BlackElo "1495"]
[PlyCount "71"]
[EventDate "2015.10.04"]
[EventType "swiss"]
[EventRounds "9"]
[EventCountry "ESP"]
[Source "lmi"]
[SourceDate "2015.10.04"]

1. d4 Nf6 2. Nf3 g6 3. e3 Bg7 4. c4 c5 5. dxc5 Nc6 6. Nc3 Qa5 7. Qd2 Qxc5 8. b3
d6 9. Bb2 Bf5 10. Be2 O-O 11. O-O Qa5 12. Rac1 Rad8 13. Rfd1 Ne5 14. Nd4 Bc8
15. h3 Nc6 16. Nxc6 bxc6 17. Bd3 Qg5 18. Kh2 Qh4 19. f3 Nh5 20. Qe1 Qg5 21. Ne4
Qh6 22. Bxg7 Qxg7 23. Bb1 f5 24. Nc3 f4 25. Ne2 fxe3 26. Rd3 Qh6 27. Qh4 g5 28.
Qd4 Rxf3 29. gxf3 Nf4 30. Nxf4 gxf4 31. Rg1+ Kf7 32. Rg4 Rg8 33. Qxf4+ Qxf4+
34. Rxf4+ Ke8 35. Rxe3 Rg6 36. Bxg6+ 1-0

[Event "25. Torneo San Viator 2015 - Torneo B"]
[Site "Madrid ESP"]
[Date "2015.10.12"]
[Round "3.20"]
[White "Del Noval Nemeshazi, Mario"]
[Black "Aranda Perez, Ivan"]
[Result "1/2-1/2"]
[WhiteElo "1239"]
[BlackElo "1420"]
[PlyCount "47"]
[EventDate "2015.10.04"]
[EventType "swiss"]
[EventRounds "9"]
[EventCountry "ESP"]
[Source "lmi"]
[SourceDate "2015.10.04"]

1. e4 c5 2. Nf3 d6 3. d4 cxd4 4. Nxd4 Nf6 5. Nc3 g6 6. Bd3 Bg7 7. O-O O-O 8.
Bg5 Qb6 9. Nb3 Nc6 10. Bxf6 Bxf6 11. Nd5 Qd8 12. Nxf6+ exf6 13. Re1 Re8 14. Re3
f5 15. exf5 Rxe3 16. fxe3 Bxf5 17. Bxf5 gxf5 18. Qf3 Qe7 19. Re1 Qe4 20. Qg3+
Kh8 21. Qxd6 Qxc2 22. Qf6+ Kg8 23. Qg5+ Kh8 24. Qf6+ 1/2-1/2

[Event "25. Torneo San Viator 2015 - Torneo B"]
[Site "Madrid ESP"]
[Date "2015.10.12"]
[Round "3.21"]
[White "Lianes Garcia, Alicia"]
[Black "Sanchez Sanchez, Cesar"]
[Result "0-1"]
[WhiteElo "1359"]
[BlackElo "1800"]
[PlyCount "112"]
[EventDate "2015.10.04"]
[EventType "swiss"]
[EventRounds "9"]
[EventCountry "ESP"]
[Source "lmi"]
[SourceDate "2015.10.04"]

1. e4 c6 2. d4 d5 3. exd5 cxd5 4. Nc3 Bf5 5. Nf3 e6 6. Bf4 Nc6 7. Bd3 Bxd3 8.
Qxd3 a6 9. a3 Bd6 10. Bxd6 Qxd6 11. O-O-O Nf6 12. Rhe1 O-O 13. Ne5 b5 14. h3 b4
15. Na4 bxa3 16. Qxa3 Qxa3 17. bxa3 Nxe5 18. Rxe5 Nd7 19. Re3 Rab8 20. Rdd3
Rfc8 21. Rc3 g6 22. Kd2 Rxc3 23. Rxc3 Nb6 24. Rb3 Nc4+ 25. Kc3 Rxb3+ 26. cxb3
Nxa3 27. Nc5 Nb5+ 28. Kd3 Nc7 29. b4 Kf8 30. Nd7+ Ke7 31. Ne5 f6 32. Ng4 h5 33.
Ne3 e5 34. f3 Kd6 35. Nc2 Nb5 36. g3 Nxd4 37. Nxd4 exd4 38. Kxd4 Kc6 39. f4 g5
40. h4 g4 41. f5 Kd6 42. Kd3 Ke5 43. Ke3 d4+ 44. Kd3 Kd5 45. Kd2 Kc4 46. Kc2
d3+ 47. Kd2 Kd4 48. Kd1 Ke3 49. Ke1 d2+ 50. Kd1 Kf3 51. Kxd2 Kxg3 52. Ke2 Kg2
53. Ke3 g3 54. Ke2 Kh2 55. Kf1 g2+ 56. Kf2 g1=Q+ 0-1

[Event "25. Torneo San Viator 2015 - Torneo B"]
[Site "Madrid ESP"]
[Date "2015.10.12"]
[Round "3.22"]
[White "Manso Santamaria, Juan Carlos"]
[Black "Hernandez Herrera, Rodolfo"]
[Result "1-0"]
[WhiteElo "1707"]
[BlackElo "1300"]
[PlyCount "115"]
[EventDate "2015.10.04"]
[EventType "swiss"]
[EventRounds "9"]
[EventCountry "ESP"]
[Source "lmi"]
[SourceDate "2015.10.04"]

1. f4 Nf6 2. Nf3 d5 3. e3 Nc6 4. b3 g6 5. Bb2 Bg7 6. Be2 O-O 7. O-O Re8 8. Ne5
Nxe5 9. fxe5 Nd7 10. d4 f6 11. Nc3 c6 12. e4 Nf8 13. exd5 a6 14. dxc6 bxc6 15.
Bf3 Bb7 16. Ne2 Qb6 17. Kh1 Rad8 18. Qe1 Ne6 19. Rd1 c5 20. d5 Ng5 21. Nf4 Nxf3
22. gxf3 g5 23. Ne6 Rxd5 24. Nxg7 Kxg7 25. exf6+ exf6 26. Qxe8 Rxd1 27. Qe7+
Kg6 28. Qe8+ Kg7 29. Rxd1 Bxf3+ 30. Kg1 Bxd1 31. Qd7+ Kg6 32. Qxd1 c4+ 33. Qd4
Qxd4+ 34. Bxd4 cxb3 35. axb3 Kf5 36. c4 Ke6 37. b4 f5 38. Kf2 f4 39. Kf3 Kf5
40. b5 g4+ 41. Kf2 axb5 42. cxb5 Ke6 43. b6 Kd7 44. Be5 g3+ 45. hxg3 fxg3+ 46.
Kxg3 Kc6 47. Bc7 Kb7 48. Kh4 Ka8 49. Kh5 h6 50. Kxh6 Kb7 51. Kg5 Ka8 52. Kf6
Kb7 53. Ke7 Ka8 54. Kd6 Kb7 55. Bd8 Ka8 56. Kc6 Kb8 57. Bc7+ Kc8 58. b7# 1-0

[Event "25. Torneo San Viator 2015 - Torneo B"]
[Site "Madrid ESP"]
[Date "2015.10.12"]
[Round "3.23"]
[White "Berlana San Segundo, Miguel"]
[Black "Trapero Bueno, Vicente"]
[Result "1/2-1/2"]
[WhiteElo "1527"]
[BlackElo "1237"]
[PlyCount "72"]
[EventDate "2015.10.04"]
[EventType "swiss"]
[EventRounds "9"]
[EventCountry "ESP"]
[Source "lmi"]
[SourceDate "2015.10.04"]

1. e4 e6 2. d4 d5 3. Nc3 Nf6 4. e5 Nfd7 5. Be3 c5 6. Bb5 a6 7. Bxd7+ Nxd7 8.
Nf3 Be7 9. O-O O-O 10. Na4 b6 11. a3 Qc7 12. Qd3 h6 13. Rfe1 a5 14. Nc3 a4 15.
b3 Ba6 16. Nb5 Qc6 17. bxa4 c4 18. Qd2 Bxb5 19. axb5 Qxb5 20. Reb1 Qc6 21. Qc3
Ra4 22. Ra2 Rfa8 23. Rba1 Qb5 24. h3 Bb4 25. Qb2 c3 26. Qb3 Qa6 27. Bc1 b5 28.
Rb1 Nb8 29. Ne1 Nc6 30. Rba1 Nxd4 31. Qb1 Bxa3 32. Rxa3 Ne2+ 33. Kf1 Nxc1 34.
Rxa4 bxa4+ 35. Nd3 Nxd3 36. cxd3 d4 1/2-1/2

[Event "25. Torneo San Viator 2015 - Torneo B"]
[Site "Madrid ESP"]
[Date "2015.10.12"]
[Round "3.24"]
[White "Garcia Pardo, Maria Del Carmen"]
[Black "Gallego Romero, Manuel"]
[Result "1/2-1/2"]
[WhiteElo "1322"]
[BlackElo "1482"]
[PlyCount "43"]
[EventDate "2015.10.04"]
[EventType "swiss"]
[EventRounds "9"]
[EventCountry "ESP"]
[Source "lmi"]
[SourceDate "2015.10.04"]

1. e4 e6 2. d4 d5 3. exd5 exd5 4. Bd3 c6 5. Bf4 Nf6 6. Nd2 Qb6 7. Nb3 Be7 8. h3
O-O 9. Nf3 Bb4+ 10. c3 Re8+ 11. Be2 Bf8 12. O-O h6 13. Bd3 Nbd7 14. Qc2 c5 15.
dxc5 Nxc5 16. Be3 Qc7 17. Bxc5 Bxc5 18. Nxc5 Qxc5 19. Rfe1 Bd7 20. Ne5 Be6 21.
Nf3 Rac8 22. Nd4 1/2-1/2

[Event "25. Torneo San Viator 2015 - Torneo B"]
[Site "Madrid ESP"]
[Date "2015.10.12"]
[Round "3.25"]
[White "Guillo Sanchez-Galiano, Ernest"]
[Black "Estirado De Cabo, Cesar"]
[Result "1/2-1/2"]
[WhiteElo "1201"]
[BlackElo "1435"]
[PlyCount "44"]
[EventDate "2015.10.04"]
[EventType "swiss"]
[EventRounds "9"]
[EventCountry "ESP"]
[Source "lmi"]
[SourceDate "2015.10.04"]

1. d4 d5 2. Nf3 Nf6 3. Bf4 e6 4. e3 c5 5. c4 Nc6 6. Nc3 a6 7. a3 cxd4 8. exd4
Be7 9. cxd5 Nxd5 10. Nxd5 Qxd5 11. Be2 O-O 12. O-O Bf6 13. Be5 Nxe5 14. dxe5
Be7 15. Qxd5 exd5 16. Rfd1 Be6 17. Rac1 Rac8 18. Nd4 Bc5 19. Nb3 Bb6 20. Rxc8
Rxc8 21. Bf3 Rd8 22. Rc1 Rc8 1/2-1/2

[Event "25. Torneo San Viator 2015 - Torneo B"]
[Site "Madrid ESP"]
[Date "2015.10.12"]
[Round "3.26"]
[White "Insua Rodriguez, Antonio"]
[Black "Ingunza Curro, Alvaro"]
[Result "1-0"]
[WhiteElo "1431"]
[BlackElo "1101"]
[PlyCount "57"]
[EventDate "2015.10.04"]
[EventType "swiss"]
[EventRounds "9"]
[EventCountry "ESP"]
[Source "lmi"]
[SourceDate "2015.10.04"]

1. Nc3 Nc6 2. Nf3 e5 3. d4 exd4 4. Nxd4 Nxd4 5. Qxd4 Nf6 6. Bg5 Be7 7. e4 d6 8.
O-O-O c5 9. Qe3 h6 10. Bf4 Ng4 11. Qe1 O-O 12. h3 Nf6 13. e5 Nh5 14. exd6 Bg5
15. Bxg5 Qxg5+ 16. Qd2 Qxd2+ 17. Rxd2 Re8 18. Bb5 Re5 19. d7 a6 20. d8=Q+ Kh7
21. Bd3+ g6 22. Re2 Rxe2 23. Bxe2 Kg7 24. Nd5 Nf4 25. Nxf4 Kh7 26. Nd5 Kg7 27.
Nb6 Rb8 28. Qc7 Ra8 29. Nxa8 1-0

[Event "25. Torneo San Viator 2015 - Torneo B"]
[Site "Madrid ESP"]
[Date "2015.10.12"]
[Round "3.30"]
[White "Lopez Nunez, Alonso"]
[Black "Garcia Pardo, Celia"]
[Result "1/2-1/2"]
[WhiteElo "1283"]
[BlackElo "1020"]
[PlyCount "103"]
[EventDate "2015.10.04"]
[EventType "swiss"]
[EventRounds "9"]
[EventCountry "ESP"]
[Source "lmi"]
[SourceDate "2015.10.04"]

1. e4 e5 2. Nf3 Nc6 3. Bb5 d6 4. O-O Bd7 5. c3 Nf6 6. Re1 Be7 7. d3 a6 8. Ba4
b5 9. Bc2 O-O 10. Nbd2 b4 11. d4 exd4 12. cxd4 d5 13. e5 Nh5 14. Nf1 Bg4 15.
Qd3 g6 16. N1d2 Nf4 17. Qe3 Ne6 18. h3 Bxf3 19. Nxf3 Na5 20. b3 c5 21. dxc5
Bxc5 22. Qd3 Nc6 23. Rd1 Ncd4 24. Nxd4 Bxd4 25. Rb1 Bxe5 26. Qxd5 Qxd5 27. Rxd5
Bf4 28. Bxf4 Nxf4 29. Re5 Rfc8 30. Re4 Nd5 31. Rc4 Nc3 32. Ra1 a5 33. a3 bxa3
34. Rxa3 a4 35. Rxc8+ Rxc8 36. Bd3 axb3 37. Rxb3 Na2 38. Ba6 Nc1 39. Rb1 Rc6
40. Bb5 Rb6 41. Rxc1 Rxb5 42. g4 h5 43. Kh2 hxg4 44. hxg4 f5 45. Rg1 Kf7 46.
gxf5 Rxf5 47. Rf1 g5 48. Kg3 Kg6 49. f3 Rf6 50. f4 Rxf4 51. Rxf4 gxf4+ 52. Kxf4
1/2-1/2

[Event "25. Torneo San Viator 2015 - Torneo B"]
[Site "Madrid ESP"]
[Date "2015.10.12"]
[Round "3.32"]
[White "Coronado Riscos, Hector"]
[Black "Arevalo Estriegana, Jorge"]
[Result "0-1"]
[WhiteElo "1102"]
[BlackElo "1250"]
[PlyCount "74"]
[EventDate "2015.10.04"]
[EventType "swiss"]
[EventRounds "9"]
[EventCountry "ESP"]
[Source "lmi"]
[SourceDate "2015.10.04"]

1. d4 d5 2. Nf3 Nc6 3. e3 Nf6 4. Nbd2 Bf5 5. a3 e6 6. c4 a6 7. c5 Be7 8. h3 Qd7
9. Nh4 e5 10. Nb3 Be6 11. Bd3 h6 12. O-O g5 13. dxe5 Nxe5 14. Nf3 Nxd3 15. Qxd3
Bf5 16. Qd4 O-O-O 17. Ne5 Qe6 18. Kh2 g4 19. hxg4 Nxg4+ 20. Nxg4 Bxg4 21. f4 h5
22. Qe5 h4 23. Nd4 Qxe5 24. fxe5 Bxc5 25. Rf4 Bxd4 26. Rxg4 Bxe5+ 27. Kh3 Rdg8
28. e4 d4 29. Bf4 f6 30. Bxe5 fxe5 31. Rf1 Rxg4 32. Kxg4 Rg8+ 33. Kh3 Kd7 34.
Rg1 Rf8 35. Kxh4 Rf4+ 36. Kg5 Rxe4 37. Rf1 d3 0-1

[Event "25. Torneo San Viator 2015 - Torneo B"]
[Site "Madrid ESP"]
[Date "2015.10.18"]
[Round "4.1"]
[White "Mateos Cordero, Francisco"]
[Black "Munoz Cebey, Ricardo"]
[Result "0-1"]
[WhiteElo "1627"]
[BlackElo "1693"]
[PlyCount "86"]
[EventDate "2015.10.04"]
[EventType "swiss"]
[EventRounds "9"]
[EventCountry "ESP"]
[Source "lmi"]
[SourceDate "2015.10.04"]

1. e4 c6 2. d4 d5 3. exd5 cxd5 4. c4 Nf6 5. Nc3 e6 6. Nf3 Bb4 7. Qc2 O-O 8. Bg5
Nc6 9. a3 Bxc3+ 10. Qxc3 dxc4 11. Bxc4 h6 12. Bh4 Nd5 13. Qc2 Qa5+ 14. Qd2
Qxd2+ 15. Kxd2 g5 16. Bg3 Rd8 17. Rhd1 Bd7 18. h3 Be8 19. b4 Nb6 20. Bb5 Nxd4
21. Nxd4 Rxd4+ 22. Bd3 Rad8 23. Ke2 Ba4 24. Bc7 Bxd1+ 25. Rxd1 R8d7 26. Bxb6
axb6 27. Ke3 e5 28. Ke2 f5 29. f3 Kg7 30. g3 e4 31. fxe4 fxe4 32. Bc2 Rxd1 33.
Bxd1 Kf6 34. Bc2 Ke5 35. Ke3 Rd4 36. h4 gxh4 37. gxh4 b5 38. Bb1 Rd1 39. Bc2
Re1+ 40. Kd2 Rh1 41. h5 Rxh5 42. Bd1 Rh3 43. a4 Rd3+ 0-1

[Event "25. Torneo San Viator 2015 - Torneo B"]
[Site "Madrid ESP"]
[Date "2015.10.18"]
[Round "4.2"]
[White "Navarro Gonzalez, Jaime"]
[Black "Castro Uceda, Jose Antonio"]
[Result "1-0"]
[WhiteElo "1733"]
[BlackElo "1582"]
[PlyCount "63"]
[EventDate "2015.10.04"]
[EventType "swiss"]
[EventRounds "9"]
[EventCountry "ESP"]
[Source "lmi"]
[SourceDate "2015.10.04"]

1. b3 d5 2. Bb2 e6 3. e3 Nf6 4. f4 a6 5. g4 Nc6 6. g5 Ne4 7. Nc3 Nxc3 8. Bxc3
h6 9. Nf3 hxg5 10. fxg5 f6 11. Bd3 f5 12. Qe2 Bd7 13. O-O-O Qe7 14. Ne5 Nxe5
15. Bxe5 Qxg5 16. Bxc7 Rc8 17. Be5 Rg8 18. Rdg1 Qh6 19. h4 Be7 20. h5 Bg5 21.
Rg3 f4 22. exf4 Bxf4 23. Rg6 Bxd2+ 24. Qxd2 Qxd2+ 25. Kxd2 Ke7 26. Bxg7 b5 27.
h6 Be8 28. Rg3 Bf7 29. h7 Rh8 30. Bxh8 Rxh8 31. Rf1 Rf8 32. Rg7 1-0

[Event "25. Torneo San Viator 2015 - Torneo B"]
[Site "Madrid ESP"]
[Date "2015.10.18"]
[Round "4.3"]
[White "Del Noval Perez, Jeronimo"]
[Black "San Felipe Gonzalez, Tomas"]
[Result "0-1"]
[WhiteElo "1453"]
[BlackElo "1732"]
[PlyCount "24"]
[EventDate "2015.10.04"]
[EventType "swiss"]
[EventRounds "9"]
[EventCountry "ESP"]
[Source "lmi"]
[SourceDate "2015.10.04"]

1. e4 c5 2. Nf3 Nc6 3. d4 cxd4 4. Nxd4 g6 5. Nc3 Bg7 6. Be3 Nf6 7. Nxc6 bxc6 8.
e5 Ng8 9. Bf4 Qa5 10. Bc4 Qb4 11. b3 Qxc3+ 12. Bd2 Qxe5+ 0-1

[Event "25. Torneo San Viator 2015 - Torneo B"]
[Site "Madrid ESP"]
[Date "2015.10.18"]
[Round "4.4"]
[White "Serrano Gonzalez, Oscar"]
[Black "Fogue Caro, David"]
[Result "1-0"]
[WhiteElo "1665"]
[BlackElo "1568"]
[PlyCount "123"]
[EventDate "2015.10.04"]
[EventType "swiss"]
[EventRounds "9"]
[EventCountry "ESP"]
[Source "lmi"]
[SourceDate "2015.10.04"]

1. e4 c5 2. Nf3 e6 3. d4 cxd4 4. Nxd4 a6 5. c4 Qc7 6. Be2 Nf6 7. Qc2 Nc6 8.
Nxc6 dxc6 9. O-O Be7 10. Be3 c5 11. Nc3 b6 12. f4 Bb7 13. e5 Nd7 14. Bf3 Bxf3
15. Rxf3 O-O-O 16. a4 f6 17. a5 fxe5 18. axb6 Qxb6 19. Qa4 Nb8 20. Ne4 Rd7 21.
Bd2 Rb7 22. Bc3 Qb3 23. Bxe5 Qxa4 24. Rxa4 Rb4 25. Rxb4 cxb4 26. Bxg7 Rd8 27.
f5 exf5 28. Rxf5 Re8 29. g4 Rg8 30. Rf7 Kd8 31. Be5 Rxg4+ 32. Ng3 Nd7 33. Bf4
h5 34. Kf2 Nc5 35. Ke3 h4 36. Nf5 Bg5 37. Bxg5+ Rxg5 38. Nxh4 Rh5 39. Nf3 Rh3
40. Kd4 Nb3+ 41. Kd5 Rh6 42. c5 Na5 43. h4 b3 44. Rg7 Rf6 45. Ne5 Rf2 46. Nd3
Rf6 47. Rg2 Rh6 48. Rh2 Kd7 49. Ne5+ Kc7 50. Nc4 Rh5+ 51. Kd4 Nc6+ 52. Kc3 Rxc5
53. Kxb3 Nd4+ 54. Kb4 Kc6 55. Ne3 a5+ 56. Ka3 Nb5+ 57. Ka2 Re5 58. Nc4 Re4 59.
Nxa5+ Kc5 60. Nb3+ Kb4 61. h5 Re3 62. Rh4+ 1-0

[Event "25. Torneo San Viator 2015 - Torneo B"]
[Site "Madrid ESP"]
[Date "2015.10.18"]
[Round "4.5"]
[White "Marcelo De La Mata, Daniel"]
[Black "Bustos Bernardo, Diego"]
[Result "0-1"]
[WhiteElo "1656"]
[BlackElo "1343"]
[PlyCount "103"]
[EventDate "2015.10.04"]
[EventType "swiss"]
[EventRounds "9"]
[EventCountry "ESP"]
[Source "lmi"]
[SourceDate "2015.10.04"]

1. e4 c5 2. Nf3 d6 3. Nc3 e6 4. g3 Nc6 5. d3 Nf6 6. Bg2 Be7 7. O-O O-O 8. h3 a6
9. Be3 Rb8 10. Ne2 b5 11. c3 Qc7 12. Rc1 d5 13. Qc2 Qb7 14. e5 Nd7 15. d4 c4
16. Ng5 Bxg5 17. Bxg5 f6 18. exf6 Nxf6 19. Bf4 Ra8 20. Rce1 Bd7 21. Bd6 Rf7 22.
Nf4 Re8 23. Re3 Ne7 24. g4 Qc6 25. Be5 Bc8 26. Rfe1 Nd7 27. Nh5 Nxe5 28. Rxe5
Ng6 29. R5e3 Nf4 30. Nxf4 Rxf4 31. Re5 Ref8 32. R1e2 Qb7 33. Qd2 Qf7 34. Qe3
Qg6 35. a3 Qb1+ 36. Kh2 Qg6 37. Kg3 Bd7 38. f3 Bc8 39. h4 Bd7 40. Rg5 Qf6 41.
Qe5 Qxe5 42. Rexe5 g6 43. Re1 Kg7 44. Rge5 h6 45. g5 R4f5 46. Rxf5 gxf5 47. Kf4
Kg6 48. gxh6 Kh5 49. Ke5 Bc8 50. Kd6 Rg8 51. Kc7 Kxh4 52. Re2 0-1

[Event "25. Torneo San Viator 2015 - Torneo B"]
[Site "Madrid ESP"]
[Date "2015.10.18"]
[Round "4.6"]
[White "Jimenez Alvaro, Angel"]
[Black "Mora Gonzalez-Rojas, Francisco"]
[Result "1-0"]
[WhiteElo "1742"]
[BlackElo "1557"]
[PlyCount "69"]
[EventDate "2015.10.04"]
[EventType "swiss"]
[EventRounds "9"]
[EventCountry "ESP"]
[Source "lmi"]
[SourceDate "2015.10.04"]

1. d4 d5 2. Bf4 Nf6 3. e3 Bg4 4. Nf3 e6 5. Nbd2 Bb4 6. c3 Bd6 7. Qb3 b6 8. Bg3
Bxg3 9. hxg3 O-O 10. Bd3 g6 11. O-O-O Nc6 12. Rh4 Re8 13. Bb5 Qd6 14. Bxc6 Qxc6
15. Ne5 Bxd1 16. Qxd1 Qd6 17. g4 Kg7 18. Qf3 Re7 19. Qf4 h5 20. gxh5 Nxh5 21.
Qg5 Rh8 22. g4 Nf6 23. Rxh8 Kxh8 24. Qxf6+ Kg8 25. Ndf3 Qd8 26. Nc6 Qf8 27.
Qxe7 Qh6 28. Nce5 Qh1+ 29. Kd2 Qh7 30. Qe8+ Kg7 31. Qxf7+ Kh8 32. Nxg6+ Qxg6
33. Qxg6 a5 34. Ng5 b5 35. Nf7# 1-0

[Event "25. Torneo San Viator 2015 - Torneo B"]
[Site "Madrid ESP"]
[Date "2015.10.18"]
[Round "4.7"]
[White "Ramos Antona, Enrique"]
[Black "Martinez Sanz, Ignacio"]
[Result "1/2-1/2"]
[WhiteElo "1577"]
[BlackElo "1644"]
[PlyCount "78"]
[EventDate "2015.10.04"]
[EventType "swiss"]
[EventRounds "9"]
[EventCountry "ESP"]
[Source "lmi"]
[SourceDate "2015.10.04"]

1. d4 Nf6 2. Nc3 d5 3. g3 Nbd7 4. Bg2 c6 5. e4 dxe4 6. Nxe4 Nxe4 7. Bxe4 Nf6 8.
Bg2 e6 9. Ne2 c5 10. c3 cxd4 11. Nxd4 Bc5 12. O-O Bxd4 13. Qa4+ Qd7 14. Qxd4
Qxd4 15. cxd4 O-O 16. Be3 Nd5 17. Bd2 Bd7 18. Bxd5 exd5 19. Rfe1 Rfe8 20. Re5
Bc6 21. Rae1 f6 22. Re7 Rxe7 23. Rxe7 Re8 24. Rxe8+ Bxe8 25. f4 Kf7 26. Kf2 Kg6
27. g4 h5 28. f5+ Kf7 29. Kg3 hxg4 30. Kxg4 Bb5 31. Bb4 Bd3 32. a3 a6 33. h4
Be2+ 34. Kf4 g6 35. fxg6+ Kxg6 36. Be7 Bb5 37. Bb4 Bd7 38. Be7 Kf7 39. Bb4 Kg6
1/2-1/2

[Event "25. Torneo San Viator 2015 - Torneo B"]
[Site "Madrid ESP"]
[Date "2015.10.18"]
[Round "4.8"]
[White "Bellagamba, Pascal"]
[Black "Jimenez Manzano, Emiliano"]
[Result "0-1"]
[WhiteElo "1643"]
[BlackElo "1550"]
[PlyCount "50"]
[EventDate "2015.10.04"]
[EventType "swiss"]
[EventRounds "9"]
[EventCountry "ESP"]
[Source "lmi"]
[SourceDate "2015.10.04"]

1. e4 c5 2. Nc3 Nc6 3. Bc4 Nf6 4. a3 e6 5. d3 Be7 6. Ba2 d5 7. exd5 exd5 8. Nf3
Be6 9. Bf4 a6 10. h3 d4 11. Bxe6 dxc3 12. Bxf7+ Kxf7 13. bxc3 Nd5 14. Bd2 Re8
15. O-O Bf6 16. Rb1 b5 17. c4 bxc4 18. dxc4 Nb6 19. c3 Ne5 20. Nxe5+ Rxe5 21.
Be3 Qxd1 22. Rfxd1 Nxc4 23. Rb7+ Re7 24. Rxe7+ Bxe7 25. Bc1 Rb8 0-1

[Event "25. Torneo San Viator 2015 - Torneo B"]
[Site "Madrid ESP"]
[Date "2015.10.18"]
[Round "4.9"]
[White "Tudela Garcia, Antonio"]
[Black "Salgado Duarte, Pablo"]
[Result "1/2-1/2"]
[WhiteElo "1632"]
[BlackElo "1486"]
[PlyCount "79"]
[EventDate "2015.10.04"]
[EventType "swiss"]
[EventRounds "9"]
[EventCountry "ESP"]
[Source "lmi"]
[SourceDate "2015.10.04"]

1. e4 e5 2. Nf3 Nc6 3. Bb5 Nf6 4. O-O d6 5. d3 Bd7 6. c3 Be7 7. Re1 a6 8. Ba4
O-O 9. h3 h6 10. Bc2 Nh7 11. d4 exd4 12. cxd4 Re8 13. Nc3 Ng5 14. Nxg5 Bxg5 15.
Be3 Nb4 16. Bb1 Bxe3 17. Rxe3 Nc6 18. d5 Ne5 19. Bd3 Rf8 20. Bf1 f5 21. f4 Ng6
22. g3 fxe4 23. Nxe4 Bf5 24. Qd4 Qd7 25. Nf2 Qf7 26. Rae1 Rfe8 27. Bg2 Bd7 28.
Rc1 Rxe3 29. Qxe3 Re8 30. Qb3 Bc8 31. Qd3 b5 32. b3 Bf5 33. Be4 Bxe4 34. Nxe4
Rc8 35. Nxd6 Nxf4 36. Qf1 Qxd5 37. Nxc8 Qd4+ 38. Kh2 Qd2+ 39. Kh1 Qd5+ 40. Kh2
1/2-1/2

[Event "25. Torneo San Viator 2015 - Torneo B"]
[Site "Madrid ESP"]
[Date "2015.10.18"]
[Round "4.10"]
[White "Blanco Ruiz, Cesar"]
[Black "Lopez Nunez, Roberto"]
[Result "0-1"]
[WhiteElo "1630"]
[BlackElo "1405"]
[PlyCount "118"]
[EventDate "2015.10.04"]
[EventType "swiss"]
[EventRounds "9"]
[EventCountry "ESP"]
[Source "lmi"]
[SourceDate "2015.10.04"]

1. d4 d5 2. Bg5 Nf6 3. Bxf6 exf6 4. e3 Be6 5. Nd2 Nd7 6. g3 Bd6 7. Bg2 c6 8.
Ne2 Nb6 9. b3 Qe7 10. a4 c5 11. O-O O-O 12. dxc5 Bxc5 13. Nf3 Rfd8 14. Nfd4
Rac8 15. Qd3 Nd7 16. f4 Bxd4 17. exd4 g6 18. Nc3 Qd6 19. Qf3 Qb4 20. Nxd5 Qxd4+
21. Qf2 Qxf2+ 22. Rxf2 Bxd5 23. Bxd5 b6 24. Rd2 Nc5 25. Rad1 Kf8 26. Kf1 Rd6
27. Bf3 Rxd2 28. Rxd2 Ke7 29. Ke1 Ne6 30. Kd1 Rc7 31. Re2 Rd7+ 32. Kc1 Rc7 33.
Kb2 Kf8 34. Rd2 Ke7 35. Re2 Kf8 36. c3 Ke7 37. b4 Kd6 38. Kb3 a6 39. Rd2+ Ke7
40. Rd5 Rc8 41. Be2 Rb8 42. a5 Nc7 43. Rd3 bxa5 44. Ka4 axb4 45. cxb4 Ke6 46.
Bf3 Nb5 47. Bc6 Na7 48. Bd7+ Ke7 49. Ka5 Nb5 50. Bxb5 Rxb5+ 51. Kxa6 Rxb4 52.
h4 Ke6 53. Re3+ Kf5 54. Re7 h5 55. Rxf7 Rb3 56. g4+ hxg4 57. Rh7 g3 58. h5 gxh5
59. Rxh5+ Kxf4 0-1

[Event "25. Torneo San Viator 2015 - Torneo B"]
[Site "Madrid ESP"]
[Date "2015.10.18"]
[Round "4.12"]
[White "Garcia Rojas, Juan Carlos"]
[Black "Corral Sanchez, Jesus"]
[Result "1/2-1/2"]
[WhiteElo "1489"]
[BlackElo "1613"]
[PlyCount "138"]
[EventDate "2015.10.04"]
[EventType "swiss"]
[EventRounds "9"]
[EventCountry "ESP"]
[Source "lmi"]
[SourceDate "2015.10.04"]

1. e4 c5 2. Nf3 d6 3. c3 Nf6 4. Be2 e6 5. d3 Be7 6. O-O O-O 7. h3 Nc6 8. Bf4 a6
9. Nbd2 b5 10. Ne1 Bb7 11. Bf3 Qd7 12. Nc2 Rfd8 13. Re1 Ne5 14. Qe2 Rac8 15.
Rad1 Qc7 16. d4 Nxf3+ 17. Qxf3 cxd4 18. Nb1 dxc3 19. Nxc3 Qb8 20. Nb4 Qa8 21.
Nd3 Rc4 22. Qg3 Nxe4 23. Nxe4 Rxe4 24. Bh6 Bf8 25. Be3 e5 26. b3 f5 27. Bb6
Rxe1+ 28. Nxe1 Rd7 29. b4 Bd5 30. a3 Qe8 31. Rxd5 Qe6 32. Qd3 Be7 33. Qd1 e4
34. Nc2 Bf6 35. Ne3 g6 36. Bd4 Be7 37. Be5 Kf7 38. Bf4 Kg7 39. Qd4+ Kg8 40. Qb6
g5 41. Rxf5 gxf4 42. Rxf4 Qe5 43. Rg4+ Kh8 44. Qxa6 Rd8 45. Qc6 d5 46. Qxb5
Qa1+ 47. Kh2 Bd6+ 48. g3 Qb2 49. Qf1 Rf8 50. Nd1 Qxa3 51. Ne3 Qxb4 52. Qa1+ d4
53. Nc2 Qd2 54. Qxd4+ Qxd4 55. Nxd4 Re8 56. Ne2 Bb4 57. h4 Bd2 58. h5 h6 59.
Rg6 Kh7 60. Rd6 Bg5 61. Nf4 e3 62. fxe3 Rxe3 63. Ne6 Re5 64. g4 Kg8 65. Nxg5
Rxg5 66. Kg3 Kg7 67. Kf4 Ra5 68. Rg6+ Kh7 69. Re6 Kg7 1/2-1/2

[Event "25. Torneo San Viator 2015 - Torneo B"]
[Site "Madrid ESP"]
[Date "2015.10.18"]
[Round "4.13"]
[White "Fernandez Rodriguez, Alberto"]
[Black "Cabezas Lopez, Mercedes"]
[Result "0-1"]
[WhiteElo "1520"]
[BlackElo "1605"]
[PlyCount "76"]
[EventDate "2015.10.04"]
[EventType "swiss"]
[EventRounds "9"]
[EventCountry "ESP"]
[Source "lmi"]
[SourceDate "2015.10.04"]

1. d4 d5 2. Nf3 Nf6 3. Bg5 e6 4. e3 a6 5. c4 h6 6. Bh4 Be7 7. Nc3 O-O 8. Bd3
dxc4 9. Bxc4 b5 10. Bd3 Bb7 11. O-O Nbd7 12. Rc1 c5 13. dxc5 Bxc5 14. Bxf6 Nxf6
15. Nxb5 Bxe3 16. fxe3 axb5 17. a3 Qb6 18. Qe2 Nd5 19. Nd4 e5 20. Nc2 Nf4 21.
Qd2 Nxg2 22. Rf2 Nf4 23. exf4 e4 24. Bf1 Rfe8 25. Qe3 Qf6 26. Qd4 Qc6 27. Bg2
Rad8 28. Qe3 Qf6 29. Nb4 Rd7 30. Rd2 Rxd2 31. Qxd2 e3 32. Qe2 Bxg2 33. Kxg2
Qxf4 34. Rc3 Re6 35. h3 Rg6+ 36. Kh1 Qg3 37. Rc1 Qxh3+ 38. Qh2 Qf3+ 0-1

[Event "25. Torneo San Viator 2015 - Torneo B"]
[Site "Madrid ESP"]
[Date "2015.10.18"]
[Round "4.14"]
[White "Del Rio Perezagua, Mario"]
[Black "Hidalgo Prado, David"]
[Result "0-1"]
[WhiteElo "1487"]
[BlackElo "1597"]
[PlyCount "104"]
[EventDate "2015.10.04"]
[EventType "swiss"]
[EventRounds "9"]
[EventCountry "ESP"]
[Source "lmi"]
[SourceDate "2015.10.04"]

1. e4 e6 2. d4 d5 3. e5 c5 4. c3 Qb6 5. Nf3 Nc6 6. a3 Nh6 7. Bxh6 Qxb2 8. Bxg7
Bxg7 9. Nbd2 Qxc3 10. Bb5 Bd7 11. Bxc6 Bxc6 12. Rc1 Qxa3 13. Rxc5 Bf8 14. Rc1
Qa5 15. O-O Qd8 16. Nb3 Bb5 17. Re1 Bc4 18. Nbd2 b5 19. Nxc4 dxc4 20. d5 Qxd5
21. Qxd5 exd5 22. e6 Bg7 23. Ng5 Bh6 24. exf7+ Kf8 25. Re5 Bxg5 26. Rxg5 Kxf7
27. Rxd5 a6 28. Rcd1 Rhe8 29. Rf5+ Kg6 30. g4 Re6 31. f4 Rae8 32. Rxb5 axb5 33.
f5+ Kf6 34. fxe6 Rxe6 35. g5+ Kf5 36. Rb1 Re5 37. Kf2 Kxg5 38. Rc1 h5 39. Rc2
Kf4 40. Rc3 Rf5 41. Ke2 Ke4 42. Rc1 Rf3 43. h4 Re3+ 44. Kd2 Kd4 45. Rb1 Rd3+
46. Kc2 Kc5 47. Rf1 b4 48. Rf5+ Rd5 49. Rg5 Rxg5 50. hxg5 Kd5 51. g6 Ke6 52. g7
Kf7 0-1